| 000 | 00761nam a2200253 a 4500 | ||
|---|---|---|---|
| 008 | |||
| 020 | _a0471687073 (cased) | ||
| 049 | _aMAIN | ||
| 090 |
_aT57.6.A2 _bPHI |
||
| 100 | 1 | _aPhillips, Don T. | |
| 245 | 1 | 0 |
_aOperations research : _bprinciples and practice / _cDon T. Phillips, A. Ravindran, James J. Solberg. |
| 260 |
_aNew York : _bWiley, _cc1976. |
||
| 300 |
_axvii, 585 p. ; _c26 cm. |
||
| 504 | _aIncludes bibliographica references. | ||
| 500 | _aIncludes index. | ||
| 650 | 0 | _aOperations research. | |
| 700 | 1 | _aRavindran, A. | |
| 700 | 1 | _aSolberg, James J. | |
| 907 |
_a.b10028821 _b21-03-12 _c17-04-03 |
||
| 003 | |||
| 005 | 20230123133505.0 | ||
| 040 | _cNUST | ||
| 942 |
_cBOOKS _kT57.6.A2 _mPHI |
||
| 999 |
_c149488 _d149488 |
||